| 000 | 00612nam a22002057a 4500 | ||
|---|---|---|---|
| 003 | LK-CoDNM | ||
| 005 | 20250128101406.0 | ||
| 008 | 250128b |||||||| |||| 00| 0 eng d | ||
| 040 |
_aLK-CoDNM _dLK-CoDNM _eLK-CoDNM |
||
| 041 | _aeng | ||
| 080 |
_a13 _bL2 |
||
| 100 | _aCasey A. Wood | ||
| 245 | _aAn Introduction to the Literature of Vertebrate Zoology | ||
| 246 | _aBased Chiefly on the Titles in the Blacker Library of Zoology | ||
| 260 |
_aLondon _bOxford University Press London: Humphrey Milford _c1931 |
||
| 300 | _axix, 643p : 29 cm | ||
| 650 | _aZoology | ||
| 650 | _aVertebrates | ||
| 942 | _cBK | ||
| 999 |
_c237508 _d237508 |
||